000 00723cam a22002533a 4500
001 22554
003 PGUSA
005 20140828083459.0
008 070909s2007||||xxu|||||s|||||000 1 eng d
040 _aPGUSA
_beng
042 _adc
050 4 _aPS
100 1 _aMighels, Philip Verrill,
_d1869-1911
245 1 0 _aAs It Was in the Beginning
_h[electronic resource] /
_cPhilip Verrill Mighels
260 _bProject Gutenberg,
_c2007
506 _aPublic domain in the USA.
516 _aElectronic text
653 _aIslands -- Fiction
653 _aShipwreck survival -- Fiction
653 _aRobinsonades
830 0 _aProject Gutenberg
_v22554
856 4 0 _uhttp://www.gutenberg.org/ebooks/22554
942 _cEB
999 _c251809
_d251809